<?xml version="1.0" encoding="UTF-8"?>
<collection xmlns:xsi="http://www.w3.org/2001/XMLSchema-instance" xsi:schemaLocation="http://www.loc.gov/MARC21/slim http://www.loc.gov/standards/marcxml/schema/MARC21slim.xsd" xmlns="http://www.loc.gov/MARC21/slim">
 <record>
  <leader>00000nam a2200000 i 4500</leader>
  <controlfield tag="001">UP-99946688290061078</controlfield>
  <controlfield tag="003">Buklod</controlfield>
  <controlfield tag="005">20251203134143.0</controlfield>
  <controlfield tag="006">a     r    |||| u|</controlfield>
  <controlfield tag="007">ta</controlfield>
  <controlfield tag="008">251203s2021    ph           f000 j tgl  </controlfield>
  <datafield tag="020" ind1=" " ind2=" ">
   <subfield code="a">9789715429528</subfield>
  </datafield>
  <datafield tag="035" ind1=" " ind2=" ">
   <subfield code="a">22145929</subfield>
  </datafield>
  <datafield tag="040" ind1=" " ind2=" ">
   <subfield code="a">DLC</subfield>
   <subfield code="d">DMLF</subfield>
   <subfield code="e">rda</subfield>
  </datafield>
  <datafield tag="041" ind1=" " ind2=" ">
   <subfield code="a">fil</subfield>
  </datafield>
  <datafield tag="042" ind1=" " ind2=" ">
   <subfield code="a">DMLUC</subfield>
  </datafield>
  <datafield tag="090" ind1=" " ind2=" ">
   <subfield code="a">DS 812 </subfield>
   <subfield code="b">B36 2021</subfield>
  </datafield>
  <datafield tag="100" ind1="1" ind2=" ">
   <subfield code="a">Baquiran, Romulo P.</subfield>
   <subfield code="c">Jr.</subfield>
   <subfield code="e">author.</subfield>
  </datafield>
  <datafield tag="245" ind1="1" ind2="0">
   <subfield code="a">Aishite imasu</subfield>
   <subfield code="b">mga dagling sanaysay sa Danas-Japan</subfield>
   <subfield code="c">Romulo P. Baquiran, Jr.</subfield>
  </datafield>
  <datafield tag="264" ind1=" " ind2="1">
   <subfield code="a">Quezon City</subfield>
   <subfield code="b">University of the Philippines Press</subfield>
   <subfield code="c">[©2021]</subfield>
  </datafield>
  <datafield tag="300" ind1=" " ind2=" ">
   <subfield code="a">xviii, 121 pages</subfield>
   <subfield code="c">24 cm.</subfield>
  </datafield>
  <datafield tag="336" ind1=" " ind2=" ">
   <subfield code="a">text</subfield>
   <subfield code="2">rdacontent</subfield>
  </datafield>
  <datafield tag="337" ind1=" " ind2=" ">
   <subfield code="a">unmediated</subfield>
   <subfield code="2">rdamedia</subfield>
  </datafield>
  <datafield tag="338" ind1=" " ind2=" ">
   <subfield code="a">volume</subfield>
   <subfield code="2">rdacarrier</subfield>
  </datafield>
  <datafield tag="490" ind1="0" ind2=" ">
   <subfield code="a">Philippine writers series 2021</subfield>
  </datafield>
  <datafield tag="505" ind1="0" ind2=" ">
   <subfield code="a">Bagong salita -- Hanami -- Yoshino -- Sa Kyoto -- Bakasyon agad -- Obsesyon sa basura -- Gakusei no nihonji -- Saktong silabus, saktong oras -- Gupit-binata -- Reseta -- Kata -- Hingal sa bundok Rokko -- Bundok Ibuki, lawang Biwa -- Namamalimos -- Drayber na hindi sweet lover -- Walang singit -- Motorista, pedestrian -- Episyenteng tren -- Birhen sa onsen -- Bisikleta -- Oishi desu -- Aparatong hapon -- James McNeil Whistler -- Bunraku, kabuki, Noh! -- Lakarin ang mundo -- Biyaheng kalikasan -- Biyaheng Miyama -- Hiroshima -- Sanggol sa riles -- World peace -- Otonyo -- Pasko at isno -- Onoda at Vibora -- Hotaru -- Mag-isa sa gitna ng saya -- Sound trip -- Puppy love, samurai love -- Walang mandurukot -- Tadao Hayashi: arpa ng aliw -- Bakasyon sa Filipinas -- Kuwelang Kuala Lumpur -- Kalye Tandang Sora -- Aishite imasu.</subfield>
  </datafield>
  <datafield tag="520" ind1="0" ind2=" ">
   <subfield code="a">Author's account travelling to Japan.</subfield>
  </datafield>
  <datafield tag="546" ind1=" " ind2=" ">
   <subfield code="a">In Tagalog.</subfield>
  </datafield>
  <datafield tag="600" ind1="1" ind2="0">
   <subfield code="a">Baquiran, Romulo P.</subfield>
   <subfield code="c">Jr.</subfield>
   <subfield code="x">Travel</subfield>
   <subfield code="z">Japan.</subfield>
  </datafield>
  <datafield tag="651" ind1=" " ind2="0">
   <subfield code="a">Japan</subfield>
   <subfield code="x">Description and travel.</subfield>
  </datafield>
  <datafield tag="651" ind1=" " ind2="0">
   <subfield code="a">Japan</subfield>
   <subfield code="x">Social life and customs.</subfield>
  </datafield>
  <datafield tag="710" ind1="2" ind2=" ">
   <subfield code="a">University of the Philippines Press</subfield>
   <subfield code="e">publisher.</subfield>
  </datafield>
  <datafield tag="905" ind1=" " ind2=" ">
   <subfield code="a">FI</subfield>
  </datafield>
  <datafield tag="905" ind1=" " ind2=" ">
   <subfield code="a">UP</subfield>
  </datafield>
  <datafield tag="852" ind1="0" ind2=" ">
   <subfield code="a">UPD</subfield>
   <subfield code="b">DMLF</subfield>
   <subfield code="h">DS 812</subfield>
   <subfield code="i">B36 2021</subfield>
  </datafield>
  <datafield tag="852" ind1="0" ind2=" ">
   <subfield code="a">UPD</subfield>
   <subfield code="b">GGRR</subfield>
   <subfield code="h">DS 812</subfield>
   <subfield code="i">B36 2021</subfield>
  </datafield>
  <datafield tag="942" ind1=" " ind2=" ">
   <subfield code="a">Book</subfield>
  </datafield>
 </record>
</collection>
